000 00590nam a2200193Ia 4500
003 GCL
008 140319s9999 xx 000 0 ara d
040 _aGCL /
_cGCL
082 0 4 _a374
_bع ف
100 1 _aعبدالغنى عبود
245 1 0 _aفى التربية المستمرة ومحو الامية وتعليم الكبار /
_cعبدالغنى عبود
260 _a[S.N] :
_bمكتبة النهضة المصرية ،
_c1992
300 _a335 ص
490 _a
650 0 4 _aمصر
650 0 4 _aتعليم الكبار
650 0 4 _aمحو الامية
942 _2ddc
_cBK
999 _c53962
_d53962